| 000 | 00385cam a2200157ua 4500 | ||
|---|---|---|---|
| 041 |
_aeng _h |
||
| 082 |
_a828.09 _bCHA/SH |
||
| 100 | _aChambers, E K . | ||
| 245 |
_aShakespear: A surevey / _cE K Chambers. _hTextual Documents |
||
| 250 |
_a1 / _b. |
||
| 260 |
_aLondon : _bSidgwick & Jackson Ltd , _c1963. |
||
| 300 | _a325 ; . | ||
| 504 | _a | ||
| 942 | _cBK | ||
| 999 |
_c3501 _d3501 |
||